【プロ野球】 福岡ソフトバンクホークス 旧応援歌 - Statistics

General Stats
  • This quiz has been taken 37 times
  • The average score is 35 of 67
Answer Stats
応援歌 選手名 % Correct
巡ったチャンスを その手で掴みとれ 〇〇今ここで 見せてやれ 甲斐拓也
96%
叩けボールをミートで 広く打ち分け遠くへスピード生かして 目指せホームベースを 上林誠知
96%
沸き立つスタンドの 期待に応えて燃えてやれ振りぬくその腕に 闘志を注ぎ込め 松田宣浩
92%
今だ一振り強いスイング 狙い定めて打ち ホームベース目指して 〇〇よ駆け抜けろ 三森大貴
88%
しなる左を武器に 〇〇が魅せる舞台 華麗な腕が魅せる 誰も打てぬ球を 和田毅
88%
ドームに響く 声を受けて 今だ〇〇 振り抜け 明石健志
88%
その一打で たたみかけろ それ今叩け力入れ ボールを飛ばせ 松中信彦
85%
柔軟なリスト武器に どんな球も捉え〇〇〇〇が打ち砕き スタンドに刺さる 李大浩
85%
積み重ねたものは 惜しまぬ努力の成果 琉球の夢を乗せ 放てよ鮮やかに リチャード
81%
果てしない弾道 空へ放ち敵砕け勝利呼べ 〇〇 デスパイネ
81%
行けよ果てしなく 進めどこまでもひたすら進め 〇〇の道 走れ〇〇 打てよ〇〇 遥か思いで 栄光奪え 長谷川勇也
81%
鷹のプレーグラウンドに 帰ってきたんだ〇〇戦えよ 勝利の為に 小久保裕紀
81%
溢れる闘志を さあ見せてやれ 鮮烈な打球を 打ち飛ばせ 栗原陵矢
77%
熱き鼓動で 光放ち 打てよ〇〇 ここでブチかませ 鍛えたウデ見せて 力は負けないぜ 〇〇行け 柴原洋
77%
試合決める一打 高く遠く飛ばせ 空の彼方描くアーチ 放て〇〇 グラシアル
73%
闘志たぎらせ 戦う戦士 今光るその足で グランド走れ その光る一振りで 時代に輝け 本多雄一
73%
奇跡を起こせ 炎の一打 輝く彗星 〇〇〇〇 多村仁志
73%
凄い若鷹だ どこまでも飛ばすレフト越え フェンス越え スタンドまで飛ばせ 城島健司
73%
腕突き上げボールを 飛ばせ我らの大砲 その不屈の精神 〇〇〇〇よ輝け 野村大樹
69%
夢と希望をその胸に 未知のパワーで突き進め強く振り抜け〇〇〇〇 空に羽ばたけ 九鬼隆平
69%
踊るぜ〇〇は 魅せるぜ〇〇は 決めるぜ〇〇は 男だ〇〇は 川﨑宗則
69%
夜空に羽ばたいた 未来の三冠王 高く遠く空に輝く 星になれ 真砂勇介
62%
嵐呼べよ〇〇 風を切れよ〇〇溢れる情熱 見せてくれ 福田秀平
62%
メジャーの意地プライド 見せてくれ今こそ目覚めの アーチを放て ガルビス
58%
切れる球に多彩な球 この手に掴み的を目がけ投げた球が 勝利へのロード 千賀滉大
58%
魅せろその一打 秘めたる力GO! 歩み止めずに進め 〇〇ホームラン ウォーカー
54%
海の向こうから この地に舞い降りチームの勝利へ 打て〇〇 アストゥディーヨ
54%
掴んだチャンス物にしたら 全てが始まる 狙い絞り力込めて ボールを叩け〇〇 金子圭輔
54%
力で飛ばせ遥か どこまでも遠く ここで〇〇見せろ 内に秘めた闘志 田上秀則
54%
しなやかな フォームが魅力 繰り出すボール これまた魅力 杉内俊哉
54%
完璧に捕らえて 弾き返す球〇〇の一振り 決まる予感 大村直之
54%
今だ目の覚める一打を スタンドにぶち込め振り抜いた打球は 空に突き刺さる 高田知季
50%
敵を 打ち砕け 魅せろ男の 心意気 高谷裕亮
50%
叩けその腕で 右中間を真っ二つ走れその足で グランド中を颯爽と 城所龍磨
50%
ほとばしる闘志 思いはひとつだ今だ狙い打ち 行け〇〇 村松有人
50%
燃えろ いざ心決めマウンド上がり その腕を振り抜いて 相手を打ち取れ 石川柊太
46%
熱く燃える姿 見せろよ男の意地とプライドをかけて フィールドで羽ばたけ 増田珠
46%
風を切り裂く 快速飛ばせ 今ここで〇〇 光瞬け 水谷瞬
46%
力強く飛ばせ 怒涛の一撃で打球は空高く 虹描いて消える 吉村裕基
46%
どんな球も 喰らいつく若き戦士磨きかけて立ち向かえ 全力でひたむきに 江川智晃
46%
冴えるリードを武器に 魅力溢れる肩と 決める一打の技で 羽ばたけ〇〇 山下斐紹
42%
狙いを定めて 飛ばせ〇〇 鋭い打球で 勝利決めろ 鶴岡慎也
42%
大観衆の 心は一つ 狙いを定め 燃えろ〇〇 山崎勝己
42%
お前の腕見せてやれ ボールをよく引きつけて脇を締めて振り抜けば レフトを越えホームラン 秋山幸二
42%
Go駆けろその足で Go投げろその肩で〇〇バットで 決めろ今宵の勝利 釜元豪
42%
空の彼方へ 夢を乗せて飛んで行くボール 打てよ〇〇 井口資仁
42%
規格外のパワー 見せつけるぞ〇〇勝利への一打を 今ここで飛ばせ ホーキンス
38%
バットで 闘う男鳴り響くファンファーレ 聞いて燃えろ〇〇 大道典嘉
38%
コールに応えて 光るやつ 放物線描きながら スタンド刺さる 宮地克彦
38%
巧みな守備走塁 未知のパワー秘め〇〇〇〇が 旋風を巻き起こす 西田哲朗
38%
空高く 熱き街に 〇〇〇〇 羽ばたけ 藤井翼
35%
大空にはばたく 〇〇〇〇豪快な打球を ぶちかませよ 山本和範
35%
一本足で ボールを呼び込み狙い打て立ち向かえ〇〇 己を信じて 小斉祐輔
31%
〇〇輝け今 若い力で 走り回る姿 輝きを浴びてる 辻武史
31%
叩けここ一番 狙い撃て〇〇グラブさばき見せて 今日も勝ちにつなげ 鳥越裕介
31%
勝利目指し前に進め 誇りを胸に唸る一撃その一振り 〇〇〇〇が決めろ 美間優槻
31%
ここで勝負を決めるぜ 類まれなパワーを見せろ〇〇の一撃 空へ突き刺すアーチを 黒瀬健太
27%
今迷わず打てよ 恐れるものは無いぜこの一振りに 想いを込めて 茶谷健太
27%
たくましく いざ立ち上がれ 思い切り振り 打て〇〇 立岡宗一郎
27%
喰らいつけ ボールに逆らわず その一振りに 命懸けて打て 荒金久雄
27%
〇〇見せてやれ 刺さる球を 伸びる球も 切れる球も 手は出ない 新垣渚
23%
ここと決めたなら行け いざ迷う事無く 熱い想いこの場で見せてやれ 揺れるスタンドへ 中西健太
23%
光の様に輝き 風の様に速く 走れよ〇〇 限りなく駆けろ 豊福晃司
19%
狙い定めた男に 迷いは無いさ想いを込めてボールを 打ち砕くだけ 吉本亮
19%
ここまで飛ばせ打球 〇〇〇〇感激起こして ここで行けよ 伊奈龍哉
19%
ここで〇〇飛ばせ 空の星まで 走り出し 明日へ向かえ 稲嶺誉
19%
大きな希望を その胸に抱き光のアーチを 架けろよ空高く 吉永幸一郎
19%
No matching quizzes found
Score Distribution
Percent of People with Each Score
Percentile by Number Answered
Your Score History
You have not taken this quiz